00579nam a2200193Ia 4500008004100000020001000041040001900051041001200070082002900082100002600111245006700137260004200204300001900246504004600265630002100311650001200332651001900344850002200363131103s9999 xx 000 0 und d cRs 30 aLoreto College aEnglish a954.02/CHAbLCLIB/ 33069 aChaudhuri, Nani Gopal aCartierb Governor of Bengal, 1969-1772 cNani Gopal Chaudhuri aKolkatabFirma K.L.Mukhopadhyayc1970 av,224p c 22cm aIncludes Glossary, bibliography and index aBengal - History aHistory aBengal History aLCLIB, 954.02/CHA